00569nam a2200181 a 45000010010000000030011000100080041000210350026000620820015000881000017001032450065001202600053001856500011002389420012002499520091002619980020003529990015003720000-8954ELIB.Books110520 2003  a(ELIB.Books)0000-9103 aB.Th bSay aSay Heh, Naw aTowards a Better and Effective Sunday School Program for the bInsein: Karen Baptist Theolgical Seminary c2003 aThesis 2ddccBK 00102ddc4070aKBTSbKBTSd2011-05-20l0p30144r2022-01-22 00:00:00w2022-01-22yBK cbate2011-05-20 c8954d8954